00271nam a2200121 a 450000500170000002000180001710000160003524500260005126000340007730000110011104100080012265000190013020260702181356.0 a97800619640221 aLee, Harper10aTo Kill a Mockingbird aNew YorkbHarperCollinsc2010 a336 p.0 aeng 0aRoman american